000
00258nam a22001097a 4500
082
_a
625.73UNT
100
_a
Untermann
245
_a
Principles and practics of grading dranage adn road alignment
260
_a
Roston
_b
Pub
_c
1978
300
_a
297
942
_c
BK
999
_c
11931
_d
11931